Statistics for Category Elimination - Premier League Clubs #2

Click here to take the quiz!

General Stats

  • This quiz has been taken 281 times
  • The average score is 10 of 16

Answer Stats

Group#Category% Correct
Blue10Clubs that feature the word "City" in their name
93%
Green10Clubs based in the North West of England
90%
Pink13Clubs who traditionally wear red
90%
Green7... who are not based on the coast
81%
Pink6... who traditionally play in a striped kit
73%
Green3... whose name starts with B
68%
Pink4... who Kenwyne Jones has played for
66%
Blue5... who do not traditionally wear blue
63%
Yellow9Clubs that have never finished higher than 15th in the Premier League
61%
Yellow6... who have spent more than one season in the Premier League
56%
Green1... and have won the Premier LeagueBlackburn Rovers
53%
Blue3... whose badge features a bird
51%
Yellow2... whose name begins with the letter "H"
50%
Yellow1... and who Harry Maguire has played forHull City
44%
Pink1... and who play in the North of EnglandSunderland
44%
Blue1... and who play their football outside of EnglandSwansea City
44%

Score Distribution

Percentile by Number Answered

Percent of People with Each Score

Your Score History

You have not taken this quiz